000 00626nam a2200205Ia 4500
001 8896
003 GE_BSU
008 181216s||||||||xx |||||||||||||| ||und||
040 _cGE_BSU
245 _aРеферативный журнал, №12.2013.Биология.
245 _bРаздел. Ботаника.Высшие растения.
245 _cгл.ред.РАН Р.В.Петров и др.
260 _aМосква
260 _c2013
300 _a36стр.30см.
653 _aБиология.
653 _aРеферативный журнал
653 _aპერიოდიკა
942 _cCR
999 _c42203
_d42203